Normal view
MARC view
Entry Personal Name
001 - CONTROL NUMBER
- control field: 28169
003 - CONTROL NUMBER IDENTIFIER
- control field: ARRUPE
005 - DATE AND TIME OF LATEST TRANSACTION
- control field: 20170104093321.0
008 - FIXED-LENGTH DATA ELEMENTS
- fixed length control field: 170104|| aca||aabn | a|a d
040 ## - CATALOGING SOURCE
- Original cataloging agency: ARRUPE
- Transcribing agency: ARRUPE
100 ## - HEADING--PERSONAL NAME
- Personal name: Mutambirwa, James A. Chamunorwa,
- Dates associated with a name: 1938-
670 ## - SOURCE DATA FOUND
- Source citation: Work cat.: (ARRUPE)0: World Council of Churches. Eminent Church Persons Group. 28163, South Africa :, 1989.